000 00251nam a2200097Ia 4500
001 1073682
005 20250827002206.0
008 250824s9999 xx 000 0 und d
245 0 _aSİZ YAŞLANIRKEN BEYNİNİZ
_cKOMİSYON
260 _bORENDA YAYINLARI
999 _c1073682
_d1073682